000 00552cam a22002171 4500
001 sa 65004128
003 DLC
005 20260227112128.0
008 890919s1962 ii 000 0 telo
010 _asa 65004128
035 _a(OCoLC)20369157
040 _aDLC
_cWaU
_dDLC
042 _apremarc
050 0 0 _aPL4780.9.K44
_bZ79
100 1 _aNāgabhūṣaṇamu, Kāryamapūḍi.
245 0 0 _aKhaḍgatikkana.
260 _c[1962]
300 _axv, 54 p.
_c18 cm.
500 _aIn Telugu.
600 0 0 _aKhadga Tikkana,
_dactive 12th century.
999 _c63551
_d63551